Electromyographic determination of treatment outcome in occlusal splint therapy for temporomandibular disorders /
Saved in:
| Main Author: | |
|---|---|
| Format: | Thesis Book |
| Language: | English |
| Published: |
2007.
|
| Subjects: | |
| Online Access: | http://studentsrepo.um.edu.my/id/eprint/3135 |
| Tags: |
Add Tag
No Tags, Be the first to tag this record!
|
| LEADER | 01061cam a2200253 a 4500 | ||
|---|---|---|---|
| 001 | u747209 | ||
| 003 | SIRSI | ||
| 005 | 200710181051 | ||
| 008 | 051229s2007 my a t 000 0 eng m | ||
| 040 | |a UMG | ||
| 096 | |a WU11.1 |b UM 2007 Liu | ||
| 100 | 1 | |a Liuk, Ing Wei. | |
| 245 | 1 | 0 | |a Electromyographic determination of treatment outcome in occlusal splint therapy for temporomandibular disorders / |c Liuk Ing Wei. |
| 260 | |c 2007. | ||
| 300 | |a xxiv, 204 leaves : |b ill. (some col. ) ; |c 30 cm. | ||
| 502 | |a Dissertation (M.Dental Sc.) -- Jabatan Patologi Mulut, Perubatan Mulut & Periodontologi, Fakulti Pergigian, Universiti Malaya, 2007. | ||
| 504 | |a Bibliography: leaves 186-196. | ||
| 530 | |a Issued also in CD. | ||
| 650 | 2 | |a Temporomandibular Disorders. | |
| 710 | 2 | 0 | |a Universiti Malaya. |b Jabatan Patologi Mulut, Perubatan Mulut dan Periodontologi. |
| 856 | 4 | 1 | |u http://studentsrepo.um.edu.my/id/eprint/3135 |
| 900 | |a SB | ||
| 596 | |a 10 | ||
| 999 | |a WU11.1 UM 2007 LIU |w NLM |c 1 |i A503681976 |d 18/10/2007 |f 18/10/2007 |g 1 |l STACKS |m P10PERGIGI |r Y |s Y |t TESIS |u 18/10/2007 | ||
